[Event "Steinfurt Bezirksklasse 0304"]
[Site "Germany"]
[Date "2003.11.08"]
[Round "3.6"]
[White "Runge, Dominic"]
[Black "Dieckmann, Stefan"]
[Result "0-1"]
[WhiteElo "1179"]
[BlackElo "1556"]
[PlyCount "48"]
[EventDate "2003.09.27"]
[EventType "team-tourn"]
[EventRounds "11"]
[EventCountry "GER"]
[SourceTitle "EXT 2005"]
[Source "ChessBase"]
[SourceDate "2004.11.15"]
[SourceVersion "1"]
[SourceVersionDate "2004.11.15"]
[SourceQuality "1"]
[WhiteTeam "Reckenfeld II"]
[BlackTeam "Saerbeck Falke III"]
[WhiteTeamCountry "GER"]
[BlackTeamCountry "GER"]

1. c4 e5 2. e3 d5 3. cxd5 Qxd5 4. Nc3 Qa5 5. Qf3 c6 6. Bc4 Nf6 7. Nge2 Be7 8. d4 0-0 9. 0-0 Bg4 10. Qg3 Nbd7 11. f3 exd4 12. Nxd4 Ne5 13. fxg4 Nxc4 14. e4 Bc5 15. Qd3 Rad8 16. Nce2 Ne5 17. Qd2 Qxd2 18. Bxd2 Bxd4+ 19. Nxd4 Rxd4 20. Bc3 Rxe4 21. Rae1 Nd3 22. Rd1 Nc5 23. g5 Nd5 24. Be1 Ne3 0-1

[Event "Steinfurt Bezirksliga 0203"]
[Site "Germany"]
[Date "2002.10.05"]
[Round "2.8"]
[White "Mueller, Hans Guenter"]
[Black "Runge, Dominic"]
[Result "1-0"]
[WhiteElo "1362"]
[BlackElo "1188"]
[PlyCount "113"]
[EventDate "2002.09.14"]
[EventType "team-tourn"]
[EventRounds "9"]
[EventCountry "GER"]
[SourceTitle "EXT 2004"]
[Source "ChessBase"]
[SourceDate "2003.11.25"]
[SourceVersion "1"]
[SourceVersionDate "2003.11.25"]
[SourceQuality "1"]
[WhiteTeam "Neuenkirchen II"]
[BlackTeam "Reckenfeld II"]
[WhiteTeamCountry "GER"]
[BlackTeamCountry "GER"]

1. e4 e6 2. Nf3 d5 3. exd5 exd5 4. d4 Nf6 5. Nbd2 Bf5 6. Be2 Bd6 7. a3 c6 8. 0-0 Nbd7 9. Re1 0-0 10. Nh4 Be6 11. Bd3 Re8 12. Ndf3 h6 13. c3 Qc7 14. Bd2 Bf4 15. Qc2 Bxd2 16. Qxd2 Re7 17. Nf5 Ree8 18. g4 Nf8 19. Kh1 Bxf5 20. Bxf5 Ne4 21. Qc2 Qf4 22. Kg2 g6 23. Bxe4 dxe4 24. Qd1 exf3+ 25. Qxf3 Qxf3+ 26. Kxf3 Rxe1 27. Rxe1 Ne6 28. b4 b5 29. h4 Kf8 30. a4 Re8 31. Re3 bxa4 32. Rd3 Nc7 33. c4 Rd8 34. Ke2 a3 35. Rxa3 Rxd4 36. Rxa7 Ne6 37. Ra8+ Rd8 38. Ra4 Rd4 39. Ra8+ Kg7 40. b5 cxb5 41. cxb5 Rd7 42. Rb8 Nc5 43. Rb6 f6 44. Rc6 Na4 45. b6 Rb7 46. Rc7+ Rxc7 47. bxc7 Nb6 48. Kd3 Kf7 49. Kd4 Ke8 50. Kc5 Nc8 51. Kc6 h5 52. f3 hxg4 53. fxg4 Ne7+ 54. Kb7 Kd7 55. h5 Nc8 56. h6 Nd6+ 57. Kb8 1-0